La République ensanglantée : Berlin, Vienne : aux sources du nazisme (notice n° 2198297)

détails MARC
000 -LEADER
fixed length control field 01564cam a2200133 4500500
005 - DATE AND TIME OF LATEST TRANSACTION
control field 20260405085527.0
041 ## - LANGUAGE CODE
Language code of text/sound track or separate title fre
042 ## - AUTHENTICATION CODE
Authentication code dc
100 10 - MAIN ENTRY--PERSONAL NAME
Personal name Ducange, Jean-Numa
Relator term author
245 00 - TITLE STATEMENT
Title La République ensanglantée : Berlin, Vienne : aux sources du nazisme
260 ## - PUBLICATION, DISTRIBUTION, ETC.
Name of publisher, distributor, etc. Armand Colin,<br/>
Date of publication, distribution, etc. 2022.<br/>
520 ## - SUMMARY, ETC.
Summary, etc. Le 30 janvier 1933, lorsque Adolf Hitler accède au pouvoir en Allemagne, un de ses objectifs est de mettre fin à « novembre 1918 ». Il désignait ainsi l’esprit révolutionnaire et républicain né à la fin de la Grande Guerre, coupable selon lui d’avoir mis son pays à genoux. Un an plus tard, à Vienne, Engelbert Dollfuss écrase dans le sang le mouvement ouvrier autrichien. En dépit de leurs différences, Hitler et Dollfuss partageaient une même volonté : liquider les mouvements socialistes et communistes les plus puissants d’Europe.Quinze ans plus tôt à Berlin, Vienne, Budapest, Munich, la révolution était à l’ordre du jour dans tout l’espace de la Mitteleuropa. Les républiques proclamées comme les expériences de démocratie « par en bas » se multiplient. Des épisodes, désormais largement oubliés et refoulés, sans lesquels l’histoire de ces pays est pourtant incompréhensible. Refusant d’écrire l’histoire en considérant comme inévitable la fin tragique de 1933, le présent ouvrage revient sur ces expériences, et montre que d’autres possibles existaient.
856 41 - ELECTRONIC LOCATION AND ACCESS
Uniform Resource Identifier <a href="https://shs.cairn.info/la-republique-ensanglantee--9782200631772?lang=fr&redirect-ssocas=7080">https://shs.cairn.info/la-republique-ensanglantee--9782200631772?lang=fr&redirect-ssocas=7080</a>

Pas d'exemplaire disponible.

PLUDOC

PLUDOC est la plateforme unique et centralisée de gestion des bibliothèques physiques et numériques de Guinée administré par le CEDUST. Elle est la plus grande base de données de ressources documentaires pour les Étudiants, Enseignants chercheurs et Chercheurs de Guinée.

Adresse

627 919 101/664 919 101

25 boulevard du commerce
Kaloum, Conakry, Guinée

Réseaux sociaux

Powered by Netsen Group @ 2025